Nevada Major & Minor Teams - Statistics

General Stats
  • This quiz has been taken 23 times
  • The average score is 5 of 9
Answer Stats
NCAA % Correct
Las Vegas Raiders
94%
Vegas Golden Knights
88%
Las Vegas Aces
76%
Nevada Wolf Pack
71%
Reno Aces
71%
UNLV Runnin' Rebels
47%
Henderson Silver Knights
35%
Las Vegas Aviators
35%
NBA G League Ignite
24%
No matching quizzes found
Score Distribution
Percent of People with Each Score
Percentile by Number Answered
Your Score History
You have not taken this quiz